Herbs : the green pharmacy of Malaysia

Bibliographic Details
Main Author: INDU
Other Authors: Lean
Format: Book
Published: Kuala Lumpur : Vinpress , 2002
Subjects:

MARC

LEADER 00000cam a2200000 7i4500
001 0000002056
005 20020917.0
020 0 0 |a 9678102811 
090 0 0 |a 615.321   |b IND 2002 
100 1 0 |a INDU   |h Bala Jaganath 
245 1 0 |a Herbs :   |b the green pharmacy of Malaysia   |c by Indu Bala and Lean Teik Ng 
260 0 0 |a Kuala Lumpur :   |b Vinpress ,   |c 2002 
300 |a 126 p. :   |b col. ill. ;   |c 27 cm. 
500 0 0 |a Includes bibliographical references and index 
650 0 0 |a Herbs   |x Therapeutic use   |z Malaysia 
650 0 0 |a Herbs   |z Malaysia 
700 0 1 |a Lean   |h Teik Ng 
998 |a JPSM 
999 |a 0000003433   |b Monograph   |c Open Shelf   |e Default branch